000 00796nam a22002057a 4500
005 20160216161356.0
010 _a1516EN07 B-607795-813
020 _a9789351433231
_c1245.00
035 _a EN-95601
035 _aB-607795-813
037 _bAsian Book Centre/Ven
_adpl
082 _a000
245 _aDhaara's the ultimate manual for bank PO examination :
_bfor IBPS - CWE and SBI bank PO examination
260 _aGurgaon
_bLexisNexis
_c2015
270 _a14th Floor, Bldg. No.10, Tower-B, DLF Cyber City, Phase-II
_bGurgaon
_e122002
300 _avarious pagings
_b28cm(pbk)
490 _aCATAPULT test prep series
942 _2ddc
_cEN
_mDHA
_h000
999 _c91160
_d91160